00425nam a2200145Ia 4500003000900000008004100009040001600050080001700066100001600083245004300099260003500142300002300177650004100200650003800241IN-BaIIA211028s9999 xx 000 0 eng d cIIA Library a92(5)bREF-3 aGupta, K. L 0aReference Asiabvol. IIIcK. L. Gupta  aDelhibTradesman and Menc1976 a[various pagings.] aAstronomy and astrophysics thesaurus aDirectory - International traders